书目信息 |
| 题名: |
前沿法学
|
|
| 作者: | 姜联润 主编 | |
| 分册: | ||
| 出版信息: | 北京 人民法院出版社 2002.09 |
|
| 页数: | 493页 | |
| 开本: | 20cm | |
| 丛书名: | 人民法院报十年文集 | |
| 单 册: | ||
| 中图分类: | D90-53 , D90 | |
| 科图分类: | ||
| 主题词: | 法学--文集 , 法学 | |
| 电子资源: | ||
| ISBN: | 7-80161-378-3 | |
| 000 | 00903oam2 2200289 450 | |
| 001 | 002426507 | |
| 005 | 20070523155424.66 | |
| 010 | @a7-80161-378-3@dCNY34.30 | |
| 100 | @a20030808d2002 kemy0chiy0110 ea | |
| 101 | 0 | @achi |
| 102 | @aCN@b110000 | |
| 105 | @ay z 000yy | |
| 200 | 1 | @a前沿法学@AQian Yan Fa Xue@e法学精选@EFa Xue Jing Xuan@f姜联润主编@FJiang Lian Run Zhu Bian |
| 210 | @a北京@c人民法院出版社@d2002.09 | |
| 215 | @a493页@d20cm | |
| 225 | 2 | @a人民法院报十年文集 |
| 330 | @a本书收录了关于法学与法治、新世纪法学展望、公正与效率、司法改革、域外司法等六部分专栏论文,共计50余篇。 | |
| 410 | 0 | @12001 @a人民法院报十年文集 |
| 517 | 1 | @a法学精选@AFa Xue Jing Xuan |
| 606 | 0 | @a法学@j文集 |
| 606 | 0 | @a法学 |
| 690 | @aD90-53@v4 | |
| 690 | @aD90@v3 | |
| 701 | 0 | @a姜联润@AJiang Lian Run@4主编 |
| 801 | 0 | @aCN@bNLC@c20070523 |
| 905 | @aBZT@dD90@e4 | |
| 906 | @dCNY34.30@n0@r1 | |
| 前沿法学:法学精选/姜联润主编.-北京:人民法院出版社,2002.09 |
| 493页;20cm.-(人民法院报十年文集) |
| ISBN 7-80161-378-3:CNY34.30 |
| 本书收录了关于法学与法治、新世纪法学展望、公正与效率、司法改革、域外司法等六部分专栏论文,共计50余篇。 |
| ● |
| 相关链接 |
|
|
|
正题名:前沿法学
索取号:D90/4
 
预约/预借
| 序号 | 登录号 | 条形码 | 馆藏地/架位号 | 状态 | 备注 |
| 1 | 524048 | 230132727 | 中心书库南/012架A面5层6列/ [索取号:D90/4] | 在馆 | |
| 2 | 524049 | 230132720 | 中心书库南/012架A面5层6列/ [索取号:D90/4] | 在馆 | |
| 3 | 524050 | 230132719 | 中心书库南/012架A面4层6列/ [索取号:D90/4] | 在馆 | |
| 4 | 524051 | 230132718 | 中心书库南/012架A面4层6列/ [索取号:D90/4] | 在馆 | |
| 5 | 524052 | 230132726 | 中心书库南/012架A面4层6列/ [索取号:D90/4] | 在馆 | |
| 6 | 524053 | 230132725 | 中心书库南/012架A面5层6列/ [索取号:D90/4] | 在馆 | |
| 7 | 524054 | 230132724 | 中心书库南/012架A面5层6列/ [索取号:D90/4] | 在馆 | |
| 8 | 524055 | 230132723 | 中心书库南/012架A面5层6列/ [索取号:D90/4] | 在馆 | |
| 9 | 524056 | 230132722 | 中心书库南/012架A面5层6列/ [索取号:D90/4] | 在馆 | |
| 10 | 524057 | 230132721 | 中心书库南/012架A面5层6列/ [索取号:D90/4] | 在馆 |